Science Quiz

Random Science or Math Quiz

The Unequal Equation Quiz Stats

Quiz Updated Dec 3, 2017

Challenge
Share
Tweet
Embed
Score 0/15 Timer 02:00
1 Play Today
Question Answer Wrong Answers
42 ≠ 12
91.3%
42
0.8%
21 + 21
0.6%
100 - 58
0.7%
-3 ≠ 0 + 3
90.9%
0 - 3
0.9%
3 - 6
0.9%
-6 + 3
1%
11 ≠ 6 * 5
90.7%
10 + 1
0.6%
11 * 1
1.2%
20 - 9
0.7%
4 ≠ 1+2+3
90%
2+2
0.7%
5-1
0.6%
5-4+3
2.4%
123 ≠ 321
89.8%
100 + 20 + 3
0.8%
11*11 + 2
2.1%
50 + 40 + 30 + 3
1.2%
9 ≠ 1 + 9
89.2%
3 + 3 + 3
0.8%
32
2.9%
3 * 3
1.1%
0.1 ≠ 1/1
88.9%
1/10
1.2%
1 * 0.1
1.5%
0.01 * 10
2.2%
2.4 ≠ 0.6 * 6
86.1%
2 + 0.4
2%
3 - 0.6
2.7%
1.2 * 2
2.8%
55 ≠ 100 - 50 - 5
86%
1 + 2 + 3 + 4 + 5 + 6 + 7 + 8 + 9 + 10
4%
11 * 5
1%
10 * 5.5
2.7%
-8 ≠ 4 + 4
85.7%
12 - 20
1.1%
-16 * 0.5
1.8%
-23
4.9%
10 * 10 ≠ 1010
84.3%
102
4.5%
100
1.4%
1001
3.5%
0 ≠ -1 - 1
83%
-50 + 50
0.9%
05
7.9%
12 * 0
1.8%
1 ≠ 7 * 1
82.6%
240
8.5%
17/17
0.8%
-11 + 12
1.9%
-1 ≠ 10 * -1
78.2%
5 - 6
1.2%
-13
9.4%
-50/50
5.2%
1,000,000 ≠ 100 * 100 * 100 * 100
73.5%
1000 * 1000
4%
1,000,000,000/1000
5%
106
11%

You're not logged in!

Compare scores with friends on all Sporcle quizzes.
Sign Up with Email
OR
Log In

You Might Also Like...

Show Comments

Extras

Top Quizzes Today


Score Distribution

Your Account Isn't Verified!

In order to create a playlist on Sporcle, you need to verify the email address you used during registration. Go to your Sporcle Settings to finish the process.

Report this User

Report this user for behavior that violates our Community Guidelines.

Details: